000 00696nam a2200265Ia 4500
005 20260121161427.0
008 008 260114s9999 xx 000 0 eng d
020 _a9780203415894
037 _aEBOOK
040 _aCRL
040 _beng
040 _cCRL
041 _2eng
041 _aeng
084 _qCRL
100 _aEffective Learning and Teaching in Social Policy and Social Work
_91044605
245 0 _aHilary Burgess; Imogen Taylor
260 _bTaylor and Francis
260 _c2005
650 _aSociology & Social Policy
_91044606
856 _uhttp://www.taylorfrancis.com/books/9780203415894
942 _cEBOOK
999 _c1610710
_d1610710